Music Quiz

Random Music or Blitz Quiz

Song Title Blitz Quiz Stats

 Plays Quiz Updated Jul 1, 2016

Challenge
Share
Tweet
Embed
Score 0/21 Timer 00:30
16 Plays Today
% Correct
Fun
64.9%
Roll
64.8%
Mine
63.6%
Road
63.3%
Fire
63%
Music
63%
Love
62.9%
This
62.5%
Water
62.4%
Shoes
61.9%
Side
61.9%
% Correct
Spirit
61.7%
Long
60.2%
Night
58.4%
Mind
57.4%
Forever
55.8%
Bay
55.3%
McGee
52.9%
Feeling
50.2%
Swing
49.2%
Pale
45.9%

You're not logged in!

Compare scores with friends on all Sporcle quizzes.
OR
Log In

You Might Also Like...

Show Comments

Extras

Top Quizzes Today


Score Distribution

Your Account Isn't Verified!

In order to create a playlist on Sporcle, you need to verify the email address you used during registration. Go to your Sporcle Settings to finish the process.

Report this User

Report this user for behavior that violates our Community Guidelines.

Details: